ACCA audit and assurance (AA) Workbook (Record no. 130629)
[ view plain ]
| 000 -LEADER | |
|---|---|
| fixed length control field | 01601cas a2200373 i 4500 |
| 001 - CONTROL NUMBER | |
| control field | 19018690 |
| 003 - CONTROL NUMBER IDENTIFIER | |
| control field | ARRUPE |
| 005 - DATE AND TIME OF LATEST TRANSACTION | |
| control field | 20210702115642.0 |
| 008 - FIXED-LENGTH DATA ELEMENTS--GENERAL INFORMATION | |
| fixed length control field | 160317c201u9999enkuu | 0eng |
| 010 ## - LIBRARY OF CONGRESS CONTROL NUMBER | |
| LC control number | 2016205280 |
| 020 ## - INTERNATIONAL STANDARD BOOK NUMBER | |
| International Standard Book Number | 9781509738076 |
| 035 ## - SYSTEM CONTROL NUMBER | |
| System control number | (OCoLC)ocn948373868 |
| 040 ## - CATALOGING SOURCE | |
| Original cataloging agency | DLC |
| Language of cataloging | eng |
| Transcribing agency | DLC |
| Description conventions | rda |
| Modifying agency | DLC |
| -- | OCLCF |
| 042 ## - AUTHENTICATION CODE | |
| Authentication code | pcc |
| 050 00 - LIBRARY OF CONGRESS CALL NUMBER | |
| Classification number | HF5667 |
| Item number | .A145 2021 F8 |
| 300 ## - PHYSICAL DESCRIPTION | |
| Other physical details | ill.; |
| Dimensions | 30cm |
| 245 00 - TITLE STATEMENT | |
| Title | ACCA audit and assurance (AA) Workbook |
| Remainder of title | For exams in September 2021, December 2021, March 2022 and June 2022 |
| 246 1# - VARYING FORM OF TITLE | |
| Title proper/short title | ACCA paper F8, audit and assurance (International) |
| 246 1# - VARYING FORM OF TITLE | |
| Title proper/short title | ACCA paper F8 (International), study system for examinations ... |
| 300 ## - PHYSICAL DESCRIPTION | |
| Extent | xxiii, 442p. |
| 440 ## - SERIES STATEMENT/ADDED ENTRY--TITLE | |
| Title | ACCA approved workbook |
| 9 (RLIN) | 50158 |
| 500 ## - GENERAL NOTE | |
| General note | Includes Ebook |
| 610 20 - SUBJECT ADDED ENTRY--CORPORATE NAME | |
| Corporate name or jurisdiction name as entry element | Association of Chartered Certified Accountants (Great Britain) |
| General subdivision | Examinations |
| Form subdivision | Study guides. |
| 9 (RLIN) | 50159 |
| 610 27 - SUBJECT ADDED ENTRY--CORPORATE NAME | |
| Corporate name or jurisdiction name as entry element | Association of Chartered Certified Accountants |
| Source of heading or term | fast |
| 9 (RLIN) | 50171 |
| 650 #0 - SUBJECT ADDED ENTRY--TOPICAL TERM | |
| Topical term or geographic name as entry element | Auditing |
| General subdivision | Examinations |
| Form subdivision | Study guides. |
| 9 (RLIN) | 50172 |
| 650 #0 - SUBJECT ADDED ENTRY--TOPICAL TERM | |
| Topical term or geographic name as entry element | Accounting |
| General subdivision | Examinations |
| Form subdivision | Study guides. |
| 9 (RLIN) | 50161 |
| 650 #7 - SUBJECT ADDED ENTRY--TOPICAL TERM | |
| Topical term or geographic name as entry element | Accounting |
| General subdivision | Examinations. |
| Source of heading or term | fast |
| 9 (RLIN) | 50163 |
| 650 #7 - SUBJECT ADDED ENTRY--TOPICAL TERM | |
| Topical term or geographic name as entry element | Auditing |
| General subdivision | Examinations. |
| Source of heading or term | fast |
| 9 (RLIN) | 50173 |
| 650 #7 - SUBJECT ADDED ENTRY--TOPICAL TERM | |
| Topical term or geographic name as entry element | Examinations. |
| Source of heading or term | fast |
| 9 (RLIN) | 50164 |
| 655 #7 - INDEX TERM--GENRE/FORM | |
| Genre/form data or focus term | Study guides. |
| Source of term | fast |
| 9 (RLIN) | 50165 |
| 906 ## - LOCAL DATA ELEMENT F, LDF (RLIN) | |
| a | 7 |
| b | cbc |
| c | serorig |
| d | 2 |
| e | ncip |
| f | 20 |
| g | n-oclcserc |
| 942 ## - ADDED ENTRY ELEMENTS (KOHA) | |
| Source of classification or shelving scheme | Library of Congress Classification |
| Koha item type | Monograph ( Printed materials) |
| Withdrawn status | Lost status | Source of classification or shelving scheme | Damaged status | Not for loan | Collection code | Home library | Current library | Shelving location | Date acquired | Total Checkouts | Full call number | Barcode | Date last seen | Date checked out | Price effective from | Koha item type | Checked out |
|---|---|---|---|---|---|---|---|---|---|---|---|---|---|---|---|---|---|
| Library of Congress Classification | Main Collection | ARRUPE LIBRARY | ARRUPE LIBRARY | Main Collection | 02/07/2021 | 15 | HF5667 .A145 2021 F8 | 46600008267 | 24/02/2026 | 03/09/2024 | 02/07/2021 | Monograph ( Printed materials) | |||||
| Library of Congress Classification | Main Collection | ARRUPE LIBRARY | ARRUPE LIBRARY | Main Collection | 8 | HF5667 .A145 2021 F8 | 46700000052 | 03/09/2024 | 03/09/2024 | 18/10/2022 | Monograph ( Printed materials) | 03/09/2024 | |||||
| Library of Congress Classification | Main Collection | ARRUPE LIBRARY | ARRUPE LIBRARY | Main Collection | 18/11/2022 | 8 | HF5667 .A145 2021 F8 | 46700000043 | 01/03/2024 | 01/03/2024 | 18/11/2022 | Monograph ( Printed materials) | 20/03/2024 |